Die größten Städte der Erde - Bilderquiz - Plätze 33 - 64 - Statistiken

Allgemein
  • Dieses Quiz wurde 95 mal gespielt
    83 seit der letzten Aktualisierung
  • Das Durchschnittsergebnis liegt bei 13 aus 32
Antwortstatistiken
Bildquiz Hint Antwort % Korrekt
Frankreich Paris
100%
Peru Lima
88%
Saudi-Arabien Riad
88%
USA Washington
88%
Malaysia Kuala Lumpur
86%
Chile Santiago
86%
Kanada Toronto
85%
Südafrika Johannesburg
80%
USA Chicago
78%
Vietnam Hanoi
71%
Kolumbien Bogotá
68%
Taiwan Taipeh
60%
Angola Luanda
46%
USA Boston
40%
Sudan Khartum
38%
Tansania Daressalam
37%
China Xi’an
32%
Pakistan Lahore
31%
USA Dallas
29%
Japan Nagoya
22%
China Wuhan
18%
China Hongkong
17%
Indonesien Bandung
12%
Indien Pune
8%
China Tianjin
6%
Indien Hyderabad
3%
Indien Ahmedabad
2%
China Chongqing
2%
China Dongguan
2%
China Nanjing
0%
China Shenyang
0%
China Zhengzhou
0%
Keine übereinstimmenden Quizze gefunden
Verteilung der Resultate
Anzahl Personen mit jedem Resultat
Perzentil nach korrekt beantworteten Fragen
Ihre Resultats-Entwicklung
Sie haben dieses Quiz seit der letzten Aktualisierung nicht gespielt